[Event "Corus Wijk aan Zee"]
[Site " Wijk aan Zee"]
[Date "2007.01.23"]
[Round "9"]
[White "GM Anand, Viswanathan (IND)"]
[Black "GM van Wely, Loek (NED)"]
[Result "1-0"]
[WhiteElo "2779"]
[BlackElo "2683"]
[Annotator "Ðîìàí Äîáðîíîâñêèé "]
[PlyCount "81"]
[EventDate "2007.01.??"]
[EventType "tourn"]
[EventCountry "NED"]
[EventCategory "19"]
[Source "CrestBook.com"]

1. e4 c5 2. Nf3 d6 3. d4 cxd4 4. Nxd4 Nf6 5. Nc3 a6 6. Bg5 e6 7. f4 Qb6 {
Ëþáèìûé âàðèàíò Áîááè Ôèøåðà!} 8. Qd2 Qxb2 9. Rb1 Qa3 10. e5 $5 {Êàê âñåãäà
ò âðåìåíè óãëóáëÿòüñÿ  â øàõìàòíî-èñòîðè÷åñêèå íþàíñû, íî íå ñêàçàòü ïàðó
ñëîâ îá èíòåðåñíåéøåì âàðèàíòå íå ìîãó.  Ñ õîäà 10.å5! è íà÷èíàëàñü èñòîðèÿ
âàðèàíòà, áåðóùàÿ ñâîå íà÷àëî ñ äàëåêîé ïàðòèèè Êåðåñ-Ôóäåðåð (ìåæçîíàëüíûé
òóðíèð â Ãåòåáîðãå, 1955). Çàòåì åãî íàäîëãî ñïèñàëè êàê ñîìíèòåëüíûé ïîñëå
ðÿäà îòëè÷íûõ ïîáåä àìåðèêàíñêîãî ÷åìïèîíà â 60-õ ãîäàõ.} ({Îñíîâíîå â 60-80õ
} 10. f5 $5 {ïðîàíàëèçèðîâàíî äî âå÷íûõ øàõîâ â òåõ âàðèàíòàõ, êîãäà áåëûå íå
õîòÿò ïðîèãðûâàòü.}) 10... h6 $5 {Õèòðîñòè íàøèõ äíåé} ({Ñàì áëåñòÿùèé ìàñòåð
àòàêè, Ôóäåðåð íå ïî÷óâñòâîâàë, ñ êàêîé ãðîçíîé ñèëîé ñòîëêíóëñÿ è áåñïå÷íî
ñûãðàë} 10... Nfd7 $2 {è êàïèòóëèðâàë ïîñëå} 11. f5 $1 Nxe5 12. fxe6 fxe6 13.
Be2 Nbc6 14. Nxc6 bxc6 15. Ne4 d5 16. O-O Qa4 17. Bh5+ Kd7 18. Rxf8 $1 {
1-0 Keres,P-Fuderer,A/Gothenburg 1955/IZT}) 11. Bh4 dxe5 12. fxe5 Nfd7 13. Ne4
Qxa2 14. Rd1 Qd5 15. Qe3 Qxe5 16. Be2 Bc5 {Äî íà÷àëà òóðíèðà èìåííî çäåñü
îáðûâàëèñü ïîñëåäíèå òåîðåòè÷åñêèå ññûëêè. Äëÿ óêðåïëåíèÿ äåáþòíûõ ïîçíàíèé
ðåêîìåíäóþ îáðàòèòüñÿ ê êîììåíòàðèÿì  ChessZone â îáçîðå 2ãî òóðà (Êàê, âû
åùå íå âèäåëè îáçîð 2ãî òóðà?Çðÿ! Íåìåäëåííî â ñìîòðîâóþ êîìíàòó! :))} 17. Bg3
Bxd4 18. Rxd4 Qa5+ 19. Rd2 O-O 20. Bd6 {Äî ýòîãî ìîìåíòà ñîïåðíèêè óñåðäíî
ïîâòîðÿëè ïàðòèþ Ìîòûëåâ - Àíàíä, ñûãðàííóþ âî âòîðîì òóðå.} Nc6 $5 $146 {
Ïåðâûìè íåðâû äðîãíóëè ó Âàí Âåëè. Åãî ìîæíî ïîíÿòü - î÷åíü ïðîòèâíîïðîâåðÿòü 
êîìïüþòåðíûé àíàëèç ïðîòèâíèêà â òàêèõ ïîçèöèÿõ  çà äîñêîé. Ëþê îòäàåò
êà÷åñòâî, îñòàâàÿñü ñ ïàðîé ïåøåê âçàìåí.} ({
Â óêàçàííîé ïàðòèè ÷åðíûì ñòàëî æàëü êà÷åñòâà -} 20... Rd8 {, íî ïîñëå} 21.
Qg3 $1 {ïîëó÷èë î÷åíü ïîäîçðèòåëüíóþ ïîçèöèþ} Qf5 22. Be5 ({
Çàñëóæèâàëî âíèìàíèÿ} 22. Be7 $5 Qxe4 23. Bf6 g6 24. Bxd8 Nc6 25. Bc7 {
- ÷åðíûì âåñüìà íåïðîñòî çàêîíèòü ðàâçèòèå è íàëàäèòü êîîðäèíàöèþ ñâîèõ
ìíîãî÷èñëåííûõ è íåóêëþæå ðàñïîëîæåííûõ ñèë.}) 22... Qg6 23. Qh4 Nc6 24. O-O
({Ñåðüçåíîãî âíèìàíèÿ çàñëóæèâàëî òàêæå} 24. Bc3 $5) 24... f5 25. Bh5 Qh7 26.
Bb2 fxe4 27. Rf7 (27. Bf7+ $5) 27... Rf8 {
è çäåñü Ìîòûëåâ, ê ñîæàëåíèþ, ãðóáî îøèáñÿ -} 28. Qf2 $2 ({Ê íè÷üåé âåëî} 28.
Rxg7+ Qxg7 29. Bxg7 Kxg7 30. Qg4+ Kh8 31. Qg6 Rf6 32. Qe8+ Rf8 33. Qg6) 28...
Rxf7 29. Qxf7+ Kh8 30. Rf2 e5 31. Qd5 Nf6 {0-1}) 21. Bxf8 Nxf8 22. O-O Bd7 {
Ïîìåøàòü ñëåäóþùåìó õîäó áåëûõ âîçìîæíîñòè âñå ðàâíî íåò.} 23. Nd6 $1 {
Âîçìîæíî ñòàâèòü âîñêëèöàòåëüíûé çíàê çäåñü íå ñîâñåì ïðàâèëüíî, íî íå áóäü
ýòîé âîçìîæíîñòè åùå îñòàâàëñÿ áû âîïðîñ, "êòî-êîãî?". Çäåñü æå ñòàíîâèòñÿ
î÷åâèäíî, ÷òî òåîðåòè÷åñêàÿ äóýëü ïðîèãðàíà ÷åðíûìè: ñ äîñêè â êàðìàí
áåëûì óõîäèò îäíà èç ïðîõîäíûõ (ïåøêó f7 îòäàâàòü íåëüçÿ - ñëèøêîì âåëèê ðèñê
ïîëó÷èòü ìàò).} Ne5 24. Nxb7 {
Âûðûâàÿ áåç íàðêîçà "êîðåííîé çóá". Òåïåðü áåëûì íå îïàñåí íèêàêîé ýíäøïèëü.}
Qc7 25. Nd6 {
Ó áåëûõ íå òîëüêî ëèøíåå êà÷åñòâî - ó íèõ åùå è ôèãóðû îòëè÷íî ñòîÿò.} f6 {
Çàùèùàÿ êîíÿ. Êðîìå òîãî, ïåøêå âñå ðàâíî íå ìåñòî íà f7 ïîä ñòðîãèìèâçãëÿäàìè 
áåëûõ ëàäüè è êîíÿ.} ({Àëüòåðíàòèâîé õîäó â ïàðòèè áûëî} 25... Nfg6 {
, ñòðåìÿñü àêòèâèçèðîâàòü ôèãóðû} 26. Bh5 {
, íî â öåëîì ïîëîæåíèå ÷åðíûõ îñòàâàëîñü íåóäîâëåòâîðèòåëüíûì.}) 26. c4 Bc6
27. Ra1 $1 {Âîò ýòî è åñòü èãðà ïî ïîçèöèè: ìàò ïîñòàâèòü ÿâíî íå ïîëó÷àåòñÿ
è áåëûå ïåðåêëþ÷àþòñÿ íà áîðüáó ñ ïðîõîäíîé ïåøêîé. Ïðîðâàòüñÿ ê ïåðâîìó
ðÿäó îíà ñìîæåò òåïåðü ñìîæåò òîëüêî ÷åðåç òðóï ëàäüè à1} Nfd7 28. Qd4 a5 29.
Nb5 Qb6 $2 {Óäèâèòåëüíîå, ïðàâäà, öåéòíîòíîå ðåøåíèå. Ïîçèöèÿ ÷åðíûõ áûëà íå
òàê óæ ïëîõà: ïàðà ïåøåê çà êà÷åñòâî, êîîðäèíàöèÿ ñèë óæå íàëàæåíà.
Ïðåèìóùåñòâî, áåçóñëîâíî, íà ñòîðîíå áåëûõ, íî çà÷åì æå ìåíÿòü ôåðçåé?} ({
Ñ ïðàêòè÷åñêîé òî÷êè çðåíèÿ ÿâíî ïåðñïåêòèâíåå} 29... Qb7 $1 {, èçáåãàÿ ïîêà
ðàçìåíà ôåðçåé è íà÷èíàÿ êîíòðèãðó íà êîðîëåâñêîì ôëàíãå. Äàæå åñëè çäåñü
ïðîèãðàíî. À âàðèàíòû îòíþäü íå ÿñíû -} 30. Qd6 $5 ({Åñòü ñòðàøíîå ïîäîçðåíèå,
÷òî Âèøè ïðîñòî-íàïðîñòî ðåøèë âûèãðàòü íåìíîãî âðåìåíè è ñîáèðàëñÿ
ýëåìåíòàðíî ïîâòîðèòü ïîçèöèþ -} 30. Nd6 $5 Qc7 {
, à çäåñü óæ ñåñòü ïîïëîòíåå è ïîäóìàòü.}) 30... Bxg2 $1 (30... Qb6+ $6 31. Nd4
Nc5 32. Rdd1 Rd8 33. Rab1 $3 Rxd6 34. Rxb6 {
è ýíäøïèëü, âèäèìî, âûèãðàí äëÿ áåëûõ.}) 31. Bg4 $1 {
Äðóãèì ñïîñîáîì ñëîíà â àòàêó íå âêëþ÷èòü.} ({Íåîïàñíî} 31. Qxe6+ $6 Kh8 32.
Nd6 Qc6 33. Nf7+ Nxf7 34. Qxd7 Ne5 $1 35. Qxc6 Bxc6 {×åðíûå íàëàæèâàþò
âçàèìîäåéñòâèå ñâîèõ ñèë è ñêîðåå âñåãî äîáèâàþòñÿ íè÷üåé, íàïðèìåð} 36. Rda2
({Èëè} 36. c5 a4 37. Bd1 Ra5 {îòáèðàÿ ñòðàøíóþ ïåøêó.}) 36... a4 37. Bd1 Nxc4
38. Bxa4 Bxa4 39. Rxa4 Rxa4 40. Rxa4 Ne5 {- íà äîñêå êðåïîñòü.}) 31... Ra6 ({
Ëó÷øèé ïóòü, ïîæàëóé -} 31... Nxg4 $5 32. Rxg2 Nge5 33. Qxe6+ Kh8 34. Qe7 Qb6+
35. Kh1 g5 36. Nd6 {
è õîòÿ êîìïüþòåð äåðæèò ïîçèöèþ, äåëà ÷åðíûõ, ñêîðåå âñåãî íåâàæíû.}) 32.
Bxe6+ Kh8 33. Qe7 {È çäåñü} Nf3+ $1 ({
Ïëîõî ÷åðíûì ïîñëå êîìïüþòåðíîé êðàñîòû â âèäå} 33... Rxe6 $2 34. Qxe6 Nf3+
35. Kxg2 Nh4+ 36. Kg1 Nf3+ 37. Kf2 Nxd2 38. Qd5 $1 Qb6+ 39. Ke2 Nb3 40. Rd1 Ne5
41. Qd8+ Qxd8 42. Rxd8+ Kh7 43. Rc8 {Ïåøêà "ñ" îñòàëàñü æèâà, è åñòü ìíåíèå
(ìîå), ÷òî ýòîò ýíäøïèëü ÷åðíûì íå óäåðæàòü.}) 34. Kxg2 Nxd2+ 35. Bd5 Qc8 36.
Rg1 $1 ({Íå âåðüòå øóòíèêàì êîìïüþòåðàì, ðåêîìåíäóþùèì ýôôåêòíîå} 36. Nc7 $4
{Ïîñëå} Nb6 $1 37. Nxa6 Nxd5 38. cxd5 {
(íàäî ñîãëàøàòüñÿ íà íè÷üþ, ÷òîáû íåíàðîêîì íå ïîëó÷èòü ìàò)} Qg4+ {
è ÷åðíûå ôîðñèðóþò ýëåãàíòíóþ íè÷üþ âå÷íûì øàõîì -} 39. Kh1 Qf3+ 40. Kg1
Qg4+ 41. Kf2 Ne4+ 42. Ke3 Qg5+ 43. Kf3 Qf5+ 44. Ke2 Qf2+ $1 45. Kd3 Qd2+ $1 46.
Kc4 Qe2+ {è íå ñòîèò ïðîèãðûâàòü ïîñëå} 47. Kb3 $4 Qd3+ $1 {(ñàìîå òî÷íîå)} ({
Ìîæíî è ñðàçó çàáðàòü ôåðçÿ ïîñðåäñòâîì} 47... Nd2+) 48. Kb2 Qc3+ 49. Ka2 Qc2+
50. Ka3 Nd2 51. Qe8+ Kh7 52. Qb5 Nc4+) 36... Ne5 37. Kh1 g5 38. Rd1 Ng6 39. Qf7
Ne5 40. Qh5 {ñ âûèãðûøåì.}) 30. Qxb6 Nxb6 {Åñëè ÷åðíûì óäàñòñÿ ðàçìåíÿòü
ñâîþ ïåøêó "à" íà áåëóþ ïðîõîäíóþ, òî èì ñêîðåå âñåãî óäàñòñÿ óñòîÿòü - âîò
êëþ÷åâàÿ èäåÿ â ýòîé ïîçèöèè.} 31. Rd6 $1 {Ñêîâûâàÿ ñèëû ÷åðíûõ.} Nbd7 32.
Nd4 ({Ñïåøêà, êàê èçâåñòíî óìåñòíà òîëüêî ïðè ëîâëå áëîõ. Íè ê ÷åìó äàâàòü
÷åðíûì ëèøíèå øàíñû â âèäå} 32. Rxe6 $6 Kf7 33. Rd6 a4) ({
Íî ìîæíî áûëî ïðîâåñòè àíàëîãè÷íóþ èäåþ ñ âûèãðûøåì òåìïà -} 32. Nc7 $1)
32... Be4 33. Nxe6 {Ìàòåðèàëüíûé ïåðåâåñ óæå íà ñòîðîíå áåëûõ, à ïîçèöèîííûå
ïëþñû çàñòàâëÿþò ïðåäïîëîæèòü, ÷òî áîðüáà íå áóäåò äîëãîé.} a4 34. Nc7 Ra5
35. Ra6 {Ðàçìíå ëàäüè îáû÷íî âûãîäåí ñòîðîíå, èìåþùåé ëèøíåå êà÷åñòâî.} Rxa6
36. Nxa6 Bc6 37. c5 Bb7 {
Îòíþäü íå çåâîê, êàê ìîæåò ïîêàçàòüñÿ íà ïåðâûé âçãëÿä.} 38. Rc1 ({Õóæå} 38.
Rxa4 $6 Bxa6 39. Rxa6 Nxc5 {è ýòó ïîçèöèþ åùå ìîæíî áûëî áû íåìíîæêî ïîèãðàòü
ïîñëå ïðîõîæäåíèÿ êîíòðîëÿ...}) 38... Nc6 39. Nc7 Nd4 $4 {
Ãðóáûé öåéòíîòíûé  çåâîê ôèãóðû, íå ìåíÿþùèé îöåíêó ïîçèöèè.} 40. Bc4+ Kf8 41.
Rd1 {Ïðîñêî÷èâ öåéòíîò è óáåäèâøèñü, ÷òî áåç ëàäüè èãðàòü áóäåò òðóäíî Âàí
Âåëè ñäàëñÿ.} 1-0

[Event "Corus Wijk aan Zee"]
[Site " Wijk aan Zee"]
[Date "2007.01.23"]
[Round "9"]
[White "GM Aronian, Levon (ARM) "]
[Black "GM Topalov, Veselin (BUL)"]
[Result "1/2-1/2"]
[WhiteElo "2744"]
[BlackElo "2783"]
[Annotator "Ñåðãåé Øèïîâ (îíëàéí)"]
[PlyCount "56"]
[EventDate "2007.01.??"]
[EventType "tourn"]
[EventCountry "NED"]
[EventCategory "19"]
[Source "CrestBook.com"]

{Ëåâîí Àðîíÿí çíà÷èòåëüíî ïîâûñèë ñâîè øàíñû ñòàòü ïåðâûì ïðèçåðîì, ïîáåäèâ
(÷åðíûìè!) Òåéìóðà Ðàäæàáîâà. Íî ëèäåðû - êàê ìíîãîãîëîâàÿ ãèäðà. Îäíó
ñðóáèøü, äðóãàÿ âûðàñòàåò! Íà ñìåíó Ðàäæàáîâó ïðèøåë Òîïàëîâ, òåïåðü îí âî
ãëàâå òàáëèöû. Íó, ÷òî æ, íàâåðíîå, Ëåâîí è ýòó ãîëîâó ïîïðîáóåò ñðóáèòü... è
ñàì ñòàòü âûøå âñåõ!} 1. c4 e5 {Àíãëèéñêîå íà÷àëî. Ñèöèëèàíñêàÿ çàùèòà ñ
ïåðåìåíîé öâåòà! Ðàçóìååòñÿ, íåäîñòàòîê òåìïà íå ïîçâîëèò çäåñü ÷åðíûì èãðàòü
ñòîëü àêòèâíî, êàê ýòî äåëàþò áåëûå â ñèöèëèàíêå} 2. Nc3 Nf6 3. Nf3 Nc6 4. g3
d5 {Êëàññè÷åñêîå âñêðûòèå öåíòðà - îïÿòü æå âïîëíå ñèöèëèàíñêèé ïðèåì.} 5.
cxd5 Nxd5 {Òåïåðü îáà ÷åðíûõ ñëîíà èìåþò ïåðñïåêòèâû ðàçâèòèÿ.} 6. Bg2 Nb6 {
Áåëûå óãðîæàëè óäàðîì Nf3xe5} ({À â ñëó÷àå} 6... Be6 7. O-O Be7 {
ïåðåâåñ áåëûì ïðèíîñèò óäàð} 8. d4 $1) 7. O-O Be7 8. Rb1 {Áåëûå ãîòîâÿò àòàêó
íà ôåðçåâîì ôëàíãå. Âûïàä b2-b4 ìîæåò ïîñëåäîâàòü óæå íà ñëåäóþùåì õîäó...} a5
{Ðàçóìíàÿ ïðîôèëàêòèêà.} ({Â âàðèàíòå} 8... O-O 9. b4 Bxb4 {
÷åðíûå îïÿòü æå ìîãëè ïðîïóñòèòü ñòàíäàðòíûé óäàð} 10. Nxe5 $1) ({
Ó Ëåâîíà åñòü áîëüøîé îïûò ðàçûãðûâàíèÿ äàííîé ïîçèöèè. Âîò ÿðêèé ïðèìåð:} 8...
Be6 9. b4 e4 10. Nxe4 Bxa2 11. Ra1 Nxb4 12. Bb2 f5 13. Bxg7 fxe4 14. Bxh8 exf3
15. Bxf3 Bd5 16. e4 Bf7 17. d4 c6 18. Bh5 {è ÷åðíûå íå ñìîãëè íåéòðàëèçîâàòü
èíèöèàòèâó áåëûõ, Àðîíÿí - Íàéäè÷, Ìàéíö, 2005.}) 9. d3 {Ñðàçó ïðîðâàòüñÿ íå
ïîëó÷èëîñü, è ïîòîìó áåëûå ïåðåõîäÿò ê îáû÷íîé ñõåìå íåòîðîïëèâîãî ðàçâèòèÿ
ôèãóð.} Be6 {Ëó÷øåå ïîëå äëÿ ñëîíà. Ôåðçåâûé ôëàíã áåëûõ ïîñòåïåííî
îêàçûâàåòñÿ ïîä äàâëåíèåì ÷åðíûõ. Õîòåë áû îòìåòèòü òîíêèé ìîìåíò - Òîïàëîâ
âîçäåðæèâàåòñÿ îò ðîêèðîâêè â ïîëüçó ðàçâèòèÿ ôèãóð. Âèäèìî, äàííûé ïîðÿäîê
õîäîâ îí ñ÷èòàåò íàèáîëåå òî÷íûì. Íå ìîãó ñõîäó åãî ðàñøèôðîâàòü... âèäèìî,
â âàðèàíòàõ âîçìîæíîñòè áåëûõ ñîêðàùàþòñÿ.} 10. Be3 {
Äðåâíÿÿ ðàññòàíîâêà ôèãóð. Íî íå åäèíñòâåííàÿ!} ({
Ìîå âíèìàíèå â áàçå ïðèâëåêëà ñëåäóþùàÿ ïàðòèÿ:} 10. b3 O-O {
(ïðîøó ÷èòàòåëåé ïðîñòèòü ìíå ìàëåíüêóþ ïåðåñòàíîâêó õîäîâ)} 11. Bb2 f6 12.
Nd2 Qd7 13. Nc4 Nd5 14. Rc1 Rfd8 15. Nxd5 Bxd5 16. Bxd5+ Qxd5 17. Ne3 Qe6 18.
Qc2 Nd4 19. Bxd4 exd4 20. Qc4 Qxc4 21. Nxc4 a4 22. bxa4 Rxa4 23. Nb2 Rxa2 24.
Rxc7 Rxb2 25. Rxe7 Kf8 26. Rc7 Re8 27. Re1 {
è â îêîí÷àíèè øàíñû ïîçèöèÿ óðàâíÿëàñü, Ãóëüêî - Áàðååâ, Íüþ-Äåëè, 2000})
10... O-O 11. Bxb6 cxb6 {Òàêæå õîðîøî çíàêîìûé ìíå ïðèåì - ÿ èãðàë ïîäîáíûå
ïîçèöèè çà îáà öâåòà. Ðàçìåí ñëîíà íà b6 äàåò áåëûì ïåøå÷íîå ïðåâîñõîäñòâî â
öåíòðå è íåêîòîðóþ èíèöèàòèâó ïî áåëûì ïîëÿì. Ðàçóìååòñÿ, íåáåñïëàòíî - ó
÷åðíûõ îñòàåòñÿ ñèëüíàÿ ïàðà ñëîíîâ.} 12. e3 $146 {Íîâèíêà! Àðîíÿí ïðèêðûâàåò
ïóíêò d4, êóäà ìîã ïîïàñòü ÷åðíûé êîíü. Ïðè ñëó÷àå áåëûå ìîãóò îñóùåñòâèòü
ïðîðûâ d3-d4, ðåàëèçóÿ íàïðÿìèê òî ñàìîå ïåøå÷íîå ïðåâîñõîäñòâî.} ({
Ñòàíäàðòíûì çäåñü ñ÷èòàåòñÿ ïåðåâîä êîíÿ íà ñ4 -} 12. Nd2 {
, êîòîðîìó ÷åðíûå ìîãóò ïðåïÿòñòâîâàòü -} b5 $1 13. b3 ({Çàñëóæèâàåò ïðîâåðêè
} 13. Nxb5 Bxa2 14. Ra1 Be6 15. Nc4 Bc5) 13... b4 14. Na4 Rc8 15. Rc1 Nd4 16.
Rxc8 Qxc8 17. e3 Nf5 18. Qb1 Qb8 19. Nb6 Rd8 20. Rc1 Qd6 21. Nbc4 Qxd3 22. Qxd3
Rxd3 23. Bxb7 a4 24. Be4 Rc3 25. Rd1 axb3 26. axb3 f6 27. Ra1 Nd6 28. Nxd6 Bxd6
29. Ra6 Bh3 30. Bg2 Rc1+ 31. Nf1 Bxg2 32. Kxg2 Rd1 {
è â ïàðòèè Êîñòåí - Õàñëèíãåð, Êîâåíòðè, 2005 ñîïåðíèêè ïîäïèñàëè ìèð.}) ({
Âòîðîå èçâåñòíîå ïðîäîëæåíèå -} 12. Qa4 {
Åãî àâòîð-èñïîëíèòåëü íå íóæäàåòñÿ â ïðåäñòàâëåíèè:} f6 13. Rfd1 Qe8 14. e3 Qf7
15. d4 exd4 16. exd4 Nb4 17. d5 Bf5 18. d6 Bxd6 19. Rxd6 Bxb1 20. Nxb1 Qxa2 21.
Qxa2+ Nxa2 22. Nfd2 Nb4 23. Rxb6 Rac8 24. Bxb7 Rc3 25. b3 {â ýíäøïèëå áåëûå
ðåàëèçîâàëè ñâîé ïåðåâåñ, Êàñïàðîâ - Faulks, Ëîíäîí, 2003. Ýòî áûë ñåàíñ
îäíîâðåìåííîé èãðû...}) 12... b5 $1 {
Âïîëíå ëîãè÷íîå ðåøåíèå. ×åðíûì âûãîäíî èçáàâèòüñÿ îò ñäâîåííîé ïåøêè.} 13.
Nxb5 Bxa2 14. Rc1 {Äàâàéòå âíèìàòåëüíî èçó÷èì äàííóþ ïîçèöèþ. ×åðíûå â
ïåðñïåêòèâå ìîãóò ïîëó÷èòü ïðîõîäíóþ íà ôåðçåâîì ôëàíãå, ïîýòîìó îò áåëûõ
òðåáóåòñÿ âåñüìà ýíåðãè÷íàÿ èãðà. ×òî îíè ìîãóò ñäåëàòü? Íàïðàøèâàåòñÿ,
êîíå÷íî, óäàð â öåíòðå d3-d4. À âîò ïåðåâîä êîíÿ f3 íà c4 òåïåðü çàòðóäíåí
ââèäó ñëàáîñòè ïåøêè d3. Âïðî÷åì, ïðè íåêîòîðîé ïîäãîòîâêå ìîæíî ïðîâåñòè è
ýòîò ïëàí...} a4 {Òîïàëîâ ñïåøèò çàôèêñèðîâàòü ñâîè äîñòèæåíèÿ íà ôåðçåâîì
ôëàíãå. Ïîëå à5 ìîæåò ïðèãîäèòüñÿ åãî ôèãóðàì. Ïåøêà b2 ðèñêóåò âñêîðå ñòàòü
îáúåêòîì àòàêè} 15. Nc3 ({Â ñëó÷àå} 15. d4 {
îáíàðóæèòü ïåðåâåñ áåëûõ íå óäàåòñÿ. Íàïðèìåð,} exd4 ({
Âîçìîæíî, ñ èäåéíîé òî÷êè çðåíèÿ åùå ëó÷øå äëÿ ÷åðíûõ âàðèàíò} 15... Qb6 $1
16. Qe2 Ra5 17. Nc3 Bb3 {- âåäü èõ ñëîíàì òðåáóåòñÿ îïåðàòèâíûé ïðîñòîð.}) 16.
e4 Ne5 17. Nc3 Bb3 18. Qe2 f5 {è ó ÷åðíûõ, ïîæàëóé, âñå íåïëîõî.}) 15... Bb3
16. Qe2 {Èòàê, Ëåâîí èçáðàë ïëàí ñ ïåðåâîäîì êîíÿ f3. ×åðíûé ñëîí íà b3 ïî
õîäó äåëà îêàæåòñÿ ïîä êîïûòàìè...} Be6 {Êîíå÷íî, íåò ñìûñëà ìåíÿòü ñëîíà íà
êîíÿ. Òåïåðü Àðîíÿí âïîëíå ìîæåò çàäàòü ñîïåðíèêó âîïðîñ â ëîá - 17.Ra1!? À
÷òî äåëàòü ñ ïåøêîé à4? Ðàçìåíèâàòü íà à3 èëè æåðòâîâàòü?} 17. Ra1 {
Èìåííî òàê.} a3 {Íå ìóäðñòâóÿ ëóêàâî.} ({Çàñëóæèâàëà âíèìàíèÿ æåðòâà ïåøêè} 
17... Qd6 {ïîñëåäóþùèì Rf8-d8. Áåëûì î÷åíü òðóäíî çàùèùàòü ñëàáîñòü íà d3. Â
âàðèàíòàõ îíè èìåþò îïðåäåëåííûå ïðîáëåìû.Íàïðèìåð,} 18. Rxa4 Rxa4 19. Nxa4
Rd8 20. Ne1 (20. Rd1 $2 Bb3 $1) 20... Nb4 21. Nc3 (21. Bxb7 $2 Qd7 $1) 21... b6
{è ÷åðíûå ïîëó÷àþò ïðåèìóùåñòâî.}) 18. bxa3 Rxa3 19. Rxa3 Bxa3 {Ïåøêà b7 ñòà
ëà ïðîõîäíîé. Íî ïîêà îíà ñëèøêîì îòäàëåíà, ñëèøêîì îòñòàëà. ß äóìàþ, áåëûå
ìîãóò íåéòðàëèçîâàòü åå.} 20. Nb5 {Ïîëå b5 - îòëè÷íîå ìåñòî äëÿ íàäåæíîé
áëîêàäû. Ïîïóòíî áåëûå ãîòîâÿò äîëãîæäàííûé ïðîðûâ d3-d4.} Be7 {Ìîæíî áûëî
âèòü ñëîíà íà b4, íî âèäèìî Âåñåëèí îïàñàëñÿ àòàêè òÿæåëûõ ôèãóð áåëûõ ïî
âåðòèêàëè "b". À ÷òî òåïåðü? Íå âèæó ñìûñëà áîëåå ìóäðèòü. Áåëûì íàäî áèòü ïî
öåíòðó!} 21. d4 {Òîëüêî-òîëüêî ÿ óñïåë íàïèñàòü ïðåäûäóùåå ïðèìå÷àíèå, êàê
Ëåâîí óäàðèë. Ê ñîæàëåíèþ, êîëè÷åñòâî ïåøåê íà äîñêå (ñíà÷àëà ÿ ñäåëàë
îïèñêó - íàïèñàë "íà äî÷êå", ïîñëå ÷åãî ïðåäñòàâèë ñåáå öâåòàñòîå ïëàòüèöå ñ
íàðèñîâàííûìè ïåøêàìè... ) íåóêëîííî ñîêðàùàåòñÿ, à ïîçèöèÿ îñòàåòñÿ ïðèìåðíî
ðâàâíûì. Ñîïåðíèêàì áóäåò êðàéíå ñëîæíî ñêëîíèòü ÷àøó âåñîâ íà ñâîþ ñòîðîíó..
. À ìîæåò áûòü, Òîïàëîâ ðèñêíåò è ñûãðàåò 21...d4 22.Nd2 f5 - !? Âîò ýòî áûëà
áû èíòåðåñíàÿ, áîåâàÿ ïåøå÷íàÿ ñòðóêòóðà...} Bg4 {Íåò, íå ðèñêíóë. Âèäíî, íå
ïîíðàâèëàñü Âåñåëèíó â âàðèàíòàõ æåëåçîáåòîííàÿ ïåøêà áåëûõ íà d4. È ÿ åãî
õîðîøî ïîíèìàþ... Õîä â ïàðòèè íåèçáåæíî âåäåò ê äàëüíåéøåìó óïðîùåíèþ èãðû.}
22. h3 Bxf3 23. Bxf3 exd4 24. exd4 {Ñìåð÷ óíåñ âñå æèâîå ñ äîñêè.} Bf6 {
Ñðàçó áðàòü íà d4 íåëüçÿ áûëî ââèäó ïîòåðè ñëîíà å7.} 25. Rd1 ({Â ñëó÷àå} 25.
d5 Nd4 26. Nxd4 Bxd4 27. Rd1 Bc5 {
áåëûì íå óäàåòñÿ ïðîäâèíóòü âïåðåä ñâîþ ïðîõîäíóþ -} 28. d6 Bxd6 29. Qd3 Bc7
{ñ ïîëíûì ðàâåíñòâîì.}) 25... Qb6 {Ìåòîäè÷íî íàðàùèâàÿ äàâëåíèå.} ({
Ïåøêà d4 îïÿòü æå áûëà íåâêóñíîé} 25... Nxd4 26. Nxd4 Bxd4 27. Qe4 {
è ÷åðíûå òåðÿþò ôèãóðó.}) 26. Qc4 {
Àðîíÿí èç ïîñëåäíèõ ñèë ïîääåðæèâàåò íàïðÿæåíèå.} ({Ïîñëå} 26. d5 Nd4 27. Nxd4
Bxd4 {îïÿòü æå ïîëó÷àëñÿ ðàâíûé ðàçöîöâåò.}) {Íåò, ïåøêå íà d4 íå óäåðæàòüñÿ.}
26... Rd8 27. Kg2 {Ñåé÷àñ óæå íè÷òî íå ñäåðæèâàåò êîíÿ ñ6.} Nxd4 {
Âñå êîí÷åíî. Èíòðèãà óìåðëà.} 28. Nxd4 Rxd4 {ÍÈ×Üß! Ýòî ðåçóëüòàò ëîãè÷íîé
è êà÷åñòâåííîé èãðû ãðîññìåéñòåðîâ. Òîïàëîâ îñòàëñÿ åäèíîëè÷íûì ëèäåðîì
òóðíèðà.} 1/2-1/2